000 004810000a22001930004500
001 004755
003 MACL
005 20150908140115.0
008 150908b xxu||||| |||| 00| 0 eng d
040 _aMACL
_cMACL
041 _aEnglish
082 _a820
100 _aLeslie, I.Julia
_99260
245 _aThe Perfect Wife
_bStridharmapaddhati
_cI.Julia Leslie
260 _aNew Delhi
_c1995
_bPenguin Books,
350 _a150
650 _aLiterature
_99261
942 _k820
_cBK
_2ddc
999 _c16641
_d16641